01927cam a22004454a 450000100090000000300090000900500170001800800410003502000280007604000380010404200080014204900090015005000230015908200230018210000390020524501260024426400600037030000280043044000740045850400530053250503760058552600100096152600100097152600100098152600100099152600080100152600080100952600080101752600080102552600080103352600080104152600080104960000360105763000550109365000260114894200150117499900170118998001100120695201650131643632240PE-LiUPU20250731173603.0000612s2000 enk b 001 0 eng  a184127089X (alk. paper) aDLCcPE-LiUPUdPE-LiUPUbspaerda apcc aEXNs00aBT303.2b.P67 200000a232.908bP848c2231 aPorter, Stanley E.,d1956-eautor.14aThe criteria for authenticity in historical-Jesus research :bprevious discussion and new proposals /cStanley E. Porter. aSheffield, England :bSheffield Academic Press,cc2000. a299 páginas ;c25 cm. 0aJournal for the study of the New Testament. Supplement series ;v191. aIncluye referencias bibliográficas e índice. aThe 'third quest' for the historical Jesus and the criteria for autenticity -- Historical development of the criteria for authenticity and the rise of form (and redaction) criticism -- Recent developments in hte criteria for authenticity -- The criterion of greek language and its centext -- The criterion of greek textual variance -- The criterion of discourse features. aSEG42 aSEG41 aSEG40 aSEG39 aP94 aP87 aP86 aP85 aP77 aP76 aP35 0aJesucristoxHistoricidad.9504614aBibliapNuevo testamentoxLenguaje y estilo.9504724aGriego Bíblico9247 2ddccBKn0 c62858d62857 618226aJaime Vilcazán Jefe de Análisis Documental81gALBERTO SANCHEZ Responsable de Automatización r2025-12-03 00:00:00l0o232.908 P848cp82542te1v20.00w2025-03-05xFACTEOyBK102ddc50708GENfP35aBULbBULcGENd2024-12-23eDonación, Merling Alomía